Quiz sur l'Essonne - Statistiques

Statistiques générales
  • Ce quiz a été pris 186 fois
  • Le résultat moyen est 13 sur 20
Statistiques - réponses
Question Réponse % Correct
Numéro du département 91
99%
Région Ile-de-France
97%
Préfecture et plus grande ville Évry-Courcouronnes
95%
Deuxième aéroport de France situé à 60% sur le territoire. Aéroport de Paris-Orly
88%
Yvelines
84%
Seine-et-Marne
83%
Val-de-Marne
82%
Marque qui a installé dans l'Essonne le premier hypermarché de France. Carrefour
77%
Sous-préfectures Etampes
70%
Hauts-de-Seine
70%
Loiret
70%
Palaiseau
63%
Deuxième plus grande ville Corbeil-Essonnes
62%
Départements limitrophes Eure-et-Loir
56%
Pôle technologique californien qui a inspiré le projet Paris-Saclay. Silicon Valley
54%
Gentilé Essonniens
50%
Chanteur qui possédait un moulin à Dannemois. Claude François
39%
Parc naturel régional qui s'étend dans le sud-est du département. Parc naturel régional du Gâtinais français
29%
Celle de Khánh Anh est la plus grande d'Europe. Pagode
28%
Nombre d'habitants (arrondi à la dizaine de milliers d'habitants) 1 300 000 (1 296 130)
22%
Aucun quiz correspondant
Distribution des résultats
% des personnes avec chaque résultat
Percentile par nombre de réponses
Votre historique - résultats
Vous n’avez pas pris ce quiz